[Event "Botvinnik Cup 2018"]
[Site "Moscow"]
[Date "2018.08.13"]
[Round "6"]
[White "Ahmadzada, Ahmad"]
[Black "Korotylev, Alexey"]
[Result "1/2-1/2"]
[WhiteElo "2342"]
[BlackElo "2573"]
[Annotator "TA"]
[PlyCount "70"]
[EventDate "2018.08.10"]
[EventCountry "RUS"]
[SourceTitle "playchess.com"]
[Source "ChessBase"]
[SourceQuality "1"]

{[%evp 22,70,10,8,12,16,16,0,47,39,46,6,35,0,18,13,12,15,20,18,19,0,11,0,0,0,0,0,0,0,0,0,0,-15,0,0,9,0,0,0,0,0,0,0,0,0,0,0,0,0,0]} 1. Nf3 Nf6 2. c4 e6 3. g3 d5 4. Bg2 dxc4 5. Qa4+ Nbd7 6. Qxc4 c5 7. O-O b6 8. d4 Bb7 9. Nc3 Rc8 {E03: Open Catalan: 5 Qa4+ Nbd7 6 Qxc4} 10. Rd1 (10. Qd3 cxd4 11. Nxd4 Bxg2 12. Kxg2 Bb4 13. Ndb5 a6 14. Nd6+ Bxd6 15. Qxd6 Qe7 16. Qd3 b5 17. Bf4 {0-1 (56) Grischuk,A (2774)-Eljanov,P (2717) Baku 2015 CBM 169 [Havasi,G]}) 10... a6 11. dxc5 Bxc5 12. Qf4 {LiveBook: 3 Games} O-O 13. Ne5 Bxg2 {[#]} 14. Kxg2 $146 ({Predecessor:} 14. Nxd7 Nxd7 15. Kxg2 Rc6 16. Be3 Bxe3 17. Qxe3 Qc7 18. Rd4 {½-½ (18) Ribli,Z (2610)-Polugaevsky,L (2635) Valetta 1980}) 14... Qe7 {[#] Threatens to win with ...Nxe5.} 15. Nxd7 Nxd7 16. Be3 (16. Qa4 {seems wilder.} Rfd8 17. Qxa6 h6 18. Bf4 g5 19. Bd2) 16... Rc6 17. Rd2 Bxe3 {The position is equal.} 18. Qxe3 Nf6 19. Rad1 h6 20. Qf3 Qc7 21. Rd8 b5 22. Rxf8+ Kxf8 23. a3 Ke7 24. Qe3 (24. h3 {is interesting.} Rc4 25. Kg1 Rc6 26. Na2 a5 27. Nc3) 24... Rd6 25. Rxd6 Kxd6 26. Qd4+ Ke7 27. e4 e5 28. Qe3 Ke6 29. h4 Qc6 30. f3 h5 31. Kf2 Nd7 32. Qg5 g6 $1 33. Nd5 {[%csl Gd5][%cal Rg5e7] [#]} Qc2+ 34. Kg1 {[%csl Gd5][%cal Rg5e7]} Qd1+ 35. Kg2 {[%csl Gd5][%cal Rg5e7]} Qe2+ {Precision: White = 61%, Black = 66%.} 1/2-1/2

[Event "Botvinnik Cup 2018"]
[Site "Moscow"]
[Date "2018.08.13"]
[Round "6"]
[White "Tsvetkov, Andrey"]
[Black "Sevdimaliyev, Urfan"]
[Result "1/2-1/2"]
[WhiteElo "2297"]
[BlackElo "2388"]
[Annotator "TA"]
[PlyCount "171"]
[EventDate "2018.08.10"]
[EventCountry "RUS"]
[SourceTitle "playchess.com"]
[Source "ChessBase"]
[SourceQuality "1"]

{[%evp 22,171,17,18,66,62,66,63,62,65,44,23,82,77,101,99,93,83,144,81,54,18,0,0,48,36,54,31,101,102,89,89,116,120,120,116,116,123,123,123,118,118,118,118,129,123,124,114,115,59,59,59,59,59,59,59,59,59,59,59,65,59,59,59,65,65,77,65,65,65,65,52,78,78,78,78,78,78,78,78,78,78,97,97,97,97,411,97,97,97,97,97,97,97,97,97,97,97,97,97,97,96,97,97,97,97,97,97,97,97,97,0,97,97,97,97,97,97,97,78,78,78,80,80,97,97,97,79,97,97,97,97,97,97,97,97,97,97,97,97,97,78,79,79,89,78,79,78,79,78,78,78]} 1. d4 d5 2. c4 dxc4 3. e3 Nf6 4. Bxc4 e6 5. Nf3 c5 6. O-O a6 7. Nc3 b5 8. Be2 Bb7 9. dxc5 Bxc5 10. Qxd8+ Kxd8 11. Nd2 {[%cal Bf3d2,Bd2b3,Bb3d4][%mdl 32] D27: Queen's Gambit Accepted: Classical main line: 7 e4!? and 7 a4} Ke7 12. Nb3 {LiveBook: 10 Games} Bb6 13. a4 {White is slightly better.} b4 14. a5 Bc7 15. Na4 {[#]} Bd5 $146 ({Predecessor:} 15... Nbd7 16. Bd2 Bd6 17. Rfc1 Rhc8 18. Nb6 Rxc1+ 19. Rxc1 Nxb6 20. axb6 {1-0 (31) Carlsen,M (2832)-So,W (2815) chess.com INT 2017}) 16. Nd4 Nbd7 (16... Bxa5 $11 17. Nc3 Bb6 18. Nxd5+ Nxd5) 17. Bd2 $16 Bd6 18. Rfc1 ({Much weaker is} 18. Nb6 $6 Nxb6 19. axb6 Rhb8 $11) 18... Rhc8 19. f3 g6 (19... Ke8 $142) 20. Rxc8 (20. e4 $142 $1 Bb7 21. Nc2) 20... Rxc8 21. Nb6 Nxb6 22. axb6 e5 23. Bxa6 Rb8 24. Nb5 $36 {[%mdl 2048] White is pushing.} Rxb6 ({Black should try} 24... Bc5 $14) 25. Nxd6 Kxd6 26. e4 Be6 27. Bg5 Nd7 {[#]} 28. Bd8 $1 Rb8 29. Rd1+ Kc6 30. Rc1+ Nc5 31. Be7 Kb6 {[#]} 32. Bf1 $1 Rc8 33. Bf6 Nb3 34. Rxc8 Bxc8 {[%mdl 4096] Endgame KBB-KBN} 35. Bc4 (35. Kf2 $16) 35... Be6 $14 36. Bxb3 Bxb3 {KB-KB} 37. g4 Kc6 38. Bxe5 Kd7 39. Bg7 Bc4 40. Kf2 Ke6 41. g5 Ke7 42. Ke3 Be6 43. Kd4 b3 44. Ke5 Bc4 45. f4 Bd3 46. f5 gxf5 47. exf5 Bc2 48. h4 Bd1 49. Bf6+ Kd7 50. Bh8 Ke7 51. Bg7 Be2 52. Ke4 Bd1 53. Bc3 Bg4 $2 {[%mdl 8192]} (53... Kf8 $16 {is a better chance.} 54. Ke5 Kg7) 54. Ke5 $2 (54. Kf4 $18 Be2 55. Ke5) 54... Kf8 $16 55. Kf6 Bd1 56. Bb4+ (56. Bd4 {is interesting.} Bg4 57. Be5 Bd1 58. Bf4 Kg8 59. Bd6) 56... Kg8 57. Be7 (57. Bc5 {looks sharper.} Bc2 58. Bd6 Be4 59. Bg3 Bc2 60. Bf4) 57... Bg4 58. Ke5 (58. Bc5 {seems wilder.} Be2 59. Bd4 Bd3 60. Be3 Kf8 61. Bd2) 58... Bd1 59. Ke4 Bg4 60. Kf4 Bd1 61. Bb4 Be2 62. Bc3 Bd1 63. Ke5 Bg4 64. Ke4 Bd1 65. Bb4 Bg4 66. Kf4 (66. Bd6 $16) 66... Bd1 (66... Be2 $1 $11) 67. Ke5 {White is better.} Bg4 68. Ke4 Bd1 69. Kd4 Bg4 70. Kc3 Bd1 71. Be7 Bc2 72. h5 {[%cal Bh4h5,Bh5h6][%mdl 32]} Bd1 73. h6 Bc2 74. Ba3 Bd1 75. Bb4 Bc2 76. Be7 Bd1 77. Kd4 Bc2 78. Ke5 Bb1 79. Kf6 Bc2 80. Bb4 Bb1 81. Bc3 Bc2 82. Ke5 Bb1 83. Kf4 Bc2 84. Kg4 Bb1 85. Bg7 Bc2 86. f6 {Precision: White = 71%, Black = 70%.} 1/2-1/2

[Event "Botvinnik Cup 2018"]
[Site "Moscow"]
[Date "2018.08.13"]
[Round "6"]
[White "Ceres, Dragos"]
[Black "Vaganian, Rafael A"]
[Result "0-1"]
[WhiteElo "2211"]
[BlackElo "2546"]
[Annotator "TA"]
[PlyCount "72"]
[EventDate "2018.08.10"]
[EventCountry "RUS"]
[SourceTitle "playchess.com"]
[Source "ChessBase"]
[SourceQuality "1"]

{[%evp 14,72,12,-13,137,33,35,31,31,33,37,26,29,27,35,39,31,39,36,35,31,33,25,8,41,12,14,-10,-10,-30,-22,-18,-17,-29,-8,-20,-18,-149,-154,-442,-419,-548,-487,-800,-745,-649,-640,-533,-382,-536,-533,-497,-404,-367,-339,-505,-437,-12846,-12847,-29998,-29999]} 1. e4 e6 2. d4 d5 3. Nd2 Nc6 4. Ngf3 Nf6 5. e5 Nd7 6. c3 f6 7. exf6 Qxf6 8. Bb5 {LiveBook: 53 Games. C04: French Tarrasch: 3...Nc6} (8. Bd3 e5 9. O-O Bd6 10. Qc2 e4 11. Bxe4 dxe4 12. Nxe4 Qg6 13. Nxd6+ Qxd6 14. Re1+ Kf8 15. b4 Qg6 16. Qxg6 hxg6 {1-0 (27) Cukrowski,F (2372)-Stupak,K (2562) Bialystok 2016}) 8... e5 {[#]} (8... Bd6 $11) 9. Bxc6 (9. O-O $1 $16) 9... bxc6 $14 10. Nxe5 {White is slightly better.} Nxe5 11. Qe2 $1 Bd6 12. Nf3 {[#]} Ba6 $146 {[%mdl 512]} ({Predecessor:} 12... Bg4 13. dxe5 Bxf3 14. exf6+ Bxe2 15. fxg7 Rg8 16. Kxe2 Rxg7 {1-0 (35) Durarbayli,V (2434)-Rhein,K (2164) Palma de Mallorca 2008}) 13. dxe5 (13. Qxa6 Nxf3+) 13... Bxe2 14. exf6 Bxf3 $1 15. fxg7 Rg8 16. gxf3 Rxg7 17. Be3 Kd7 18. O-O-O Rf7 19. h4 Rxf3 20. h5 Bf4 $36 {[%mdl 2048] Black is pushing.} 21. Bxf4 Rxf4 $11 {[%mdl 4096] Endgame KRR-KRR} 22. Rdg1 Rxf2 23. Rg7+ Kd6 {Threatening ...Rb8.} 24. Re1 a5 {White must now prevent ...Rb8.} 25. Rge7 {[#]} (25. a3 $11) 25... Rg8 $1 $17 26. Rxh7 $2 (26. R1e2 $17 {might work better.}) 26... Rgg2 $19 {( -> ...Rc2+)} 27. b4 axb4 28. cxb4 (28. Rh6+ $142 Kd7 29. Rh7+ Kc8 30. cxb4) 28... Rc2+ 29. Kb1 Rb2+ 30. Kc1 {If only White now had time for Rh6+....} Rxb4 31. Rh6+ (31. Rf1 {was necessary.} Rh4 32. Rh6+ Kc5 33. Rg6 Rxa2 34. Kb1) 31... Kc5 32. Ree6 Rc4+ 33. Kb1 Kb5 34. a4+ (34. Rhg6 $142 Rh2 35. a4+ Kb6 36. a5+ Kb5 37. h6) 34... Kxa4 35. Rxc6 (35. Rh8 $142 Rh2 36. h6) 35... Kb3 {[%cal Rg2g1]} 36. Rhg6 Rb2+ {Precision: White = 22%, Black = 60%.} 0-1

[Event "Botvinnik Cup 2018"]
[Site "Moscow"]
[Date "2018.08.13"]
[Round "6"]
[White "Tsaruk, Maksim"]
[Black "Paichadze, Luka"]
[Result "1-0"]
[WhiteElo "2192"]
[BlackElo "2564"]
[Annotator "TA"]
[PlyCount "109"]
[EventDate "2018.08.10"]
[EventCountry "RUS"]
[SourceTitle "playchess.com"]
[Source "ChessBase"]
[SourceQuality "1"]

{[%evp 36,109,22,17,29,0,0,-2,7,0,0,-8,0,-59,-62,-62,-45,-57,-54,-106,25,24,22,26,23,24,25,26,33,34,27,28,29,25,32,25,35,27,29,26,476,477,473,429,453,429,410,419,477,347,593,0,643,634,627,631,1494,516,5045,4750,2955,2534,4727,3118,2377,2339,29981,29982,29982,29983,29987,29986,29988,29989,29989,29990]} 1. e4 c6 2. d4 d5 3. Nc3 dxe4 4. Nxe4 Bf5 5. Ng3 Bg6 6. h4 {[%cal Bh2h4,Bh4h5][%mdl 32]} h6 7. Nf3 Nd7 8. h5 Bh7 9. Bd3 Bxd3 10. Qxd3 e6 11. Bd2 Ngf6 12. O-O-O Qc7 13. Kb1 O-O-O 14. c4 c5 15. Qe2 {B19: Classical Caro-Kann: 4...Bf5 main line} (15. Bc3 cxd4 16. Nxd4 a6 17. Qe2 Bd6 18. Nb3 Be5 19. Ba5 b6 20. Bb4 Bxg3 21. fxg3 Qe5 22. Qf2 Ng4 23. Qf3 Qf5+ 24. Qxf5 exf5 {½-½ (89) Efimenko,Z (2708)-Bologan,V (2671) Olginka 2011}) 15... Bd6 16. Ne4 Nxe4 17. Qxe4 Nf6 18. Qe2 cxd4 19. Nxd4 {LiveBook: 3 Games} a6 20. Nb3 {Threatening Ba5.} Qc6 21. g3 $146 ({Predecessor:} 21. f3 Bc7 {½-½ (40) Benen,S (2127)-Smith Soto,M Washington DC 1999}) 21... Bc7 22. Bc3 Rhg8 23. Rde1 Rd7 24. Bxf6 (24. Nd4 $11 Qc5 25. Nb3) 24... gxf6 $15 25. Qe3 Rg5 26. f4 Rg8 27. f5 (27. Qc3 $15) 27... Bxg3 ({Much weaker is} 27... Qxc4 $6 28. fxe6 Qxe6 29. Qa7 $11) (27... exf5 $17 28. Qxh6 Bxg3) 28. Rhg1 $36 {[%mdl 2048] Black is under pressure.} Qd6 29. Nc5 Rdd8 30. Ne4 Qd3+ 31. Qxd3 Rxd3 32. fxe6 fxe6 33. Nxf6 Bxe1 34. Nxg8 {[%mdl 4096] Endgame KRB-KRN} Bd2 {aiming for ...Bg5.} 35. Kc2 Rd8 {[#] Threatens to win with ...Bg5.} 36. Rg6 Bf4 37. Nxh6 {Black must now prevent Ng4.} Rh8 $2 {[%mdl 8192]} (37... Rd2+ $11 {and Black stays safe.} 38. Kc3 Rh2) 38. Rg8+ $18 Rxg8 39. Nxg8 {KB-KN} Kd7 40. Nf6+ Ke7 41. Ng4 Kf7 42. Kd3 Bc1 $2 (42... Bd6 43. Nf2 b6) 43. Kc2 $2 (43. b4 $18 {Hoping for c5.} Ba3 44. Kc3) 43... Bg5 $2 {[%mdl 8192]} (43... Bf4 $11) 44. b4 Be7 45. c5 a5 46. a3 (46. c6 $142) 46... axb4 (46... Ke8 $142 47. c6 bxc6 48. bxa5 Kd8) 47. axb4 Bh4 48. Kd3 Kg7 49. Kd4 Bg3 50. b5 {[%cal Bb4b5,Bb5b6][%mdl 32]} Bf4 51. b6 {White mates.} Kf7 52. Ke4 Bg3 53. h6 Kg6 {[#]} 54. c6 $1 {[%mdl 512]} bxc6 55. Ne5+ {Precision: White = 53%, Black = 27%.} 1-0

[Event "Botvinnik Cup 2018"]
[Site "Moscow"]
[Date "2018.08.13"]
[Round "6"]
[White "Garifullina, Leya"]
[Black "Sevdimaliyev, Urfan"]
[Result "1-0"]
[WhiteElo "2106"]
[BlackElo "2388"]
[Annotator "TA"]
[PlyCount "93"]
[EventDate "2018.08.10"]
[EventCountry "RUS"]
[SourceTitle "playchess.com"]
[Source "ChessBase"]
[SourceQuality "1"]

{[%evp 33,93,20,8,6,30,14,54,54,54,58,85,58,64,69,172,168,150,163,158,169,169,169,170,167,168,164,164,159,255,255,249,241,260,252,258,256,299,298,343,336,417,417,414,409,454,386,350,341,400,372,467,431,441,418,427,433,606,600,713,567,550,522]} 1. e4 e6 2. d4 d5 3. Nc3 Bb4 4. e5 c5 5. a3 Bxc3+ 6. bxc3 Ne7 7. Qg4 O-O 8. Bd3 f5 9. exf6 Rxf6 10. Bg5 Rf7 11. Qh5 g6 12. Qd1 Nbc6 13. Nf3 Qa5 {C18: Französische Verteidigung (Nimzowitsch-Variante)} (13... c4 14. Be2 Qf8 15. O-O h6 16. Bc1 Bd7 17. a4 Qg7 18. Ba3 g5 19. Rb1 b6 20. a5 bxa5 21. Rb7 {1-0 (56) Bacrot,E (2715)-Lagarde,M (2607) Agen 2017}) 14. Bd2 Qc7 15. O-O e5 16. Nxe5 Nxe5 17. dxe5 Qxe5 {LiveBook: 22 Partien} 18. c4 d4 19. Qe1 Nc6 $146 ({Vorgänger:} 19... Qxe1 20. Raxe1 {1-0 (53) Aagaard,J (2491)-Akesson,J (2334) Sweden 2004}) 20. Be4 $1 {[%cal Re4d5] Droht stark Ld5.} Re7 21. Bd5+ Kg7 22. Qc1 {Und Tb1 würde nun gewinnen.} Be6 23. Bh6+ Kh8 (23... Kg8 $14) 24. Re1 $36 {[%mdl 2048] Weiss ist am Drücker.} Qf5 25. Qg5 Rae8 26. Qxf5 Bxf5 27. Rxe7 Rxe7 28. Bg5 Re6 29. Bxe6 Bxe6 {[%mdl 4096] Endspiel [#] KTL-KLS} 30. Re1 $1 {[%cal Re1e6]} Bxc4 {[#]} (30... Bf5 $16 {war angesagt.} 31. c3 Kg7 32. cxd4 cxd4) 31. Re8+ $1 Kg7 32. Rc8 Kf7 33. Rc7+ Ke6 34. Rxb7 Be2 35. f3 ({Jedoch nicht} 35. Rxh7 $6 Bd1 $18) 35... Kd5 36. Kf2 Ba6 37. Rxh7 Bb5 38. Ke1 c4 39. Kd2 c3+ 40. Kc1 a5 41. Bf4 a4 42. Bc7 Bf1 43. Rd7+ Kc4 44. Rd6 {Weiß steht klar auf Gewinn.} Kc5 45. Rxg6 d3 46. cxd3 Bxd3 47. Rg4 {Precision: Weiß = 94%, Schwarz = 40%.} 1-0

[Event "Botvinnik Cup 2018"]
[Site "Moscow"]
[Date "2018.08.13"]
[Round "6"]
[White "Naqopia, Giorgi"]
[Black "Kovalev, Vladislav"]
[Result "0-1"]
[WhiteElo "1857"]
[BlackElo "2667"]
[Annotator "TA"]
[PlyCount "87"]
[EventDate "2018.08.10"]
[EventCountry "RUS"]
[SourceTitle "playchess.com"]
[Source "ChessBase"]
[SourceQuality "1"]

{[%evp 36,87,0,0,0,-10,-14,-45,-37,-53,-13,-87,-93,-137,-129,-162,-156,-152,-101,-150,-101,-84,-101,-92,-91,-72,-23,-21,-8,-72,-72,-189,-189,-189,-189,-189,-189,-45,-36,-1990,-1642,-1932,-1913,-1622,-1498,-1435,-1385,-5073,-2842,-2242,-2039,-1470,-954,-1645]} 1. e4 e5 2. Nf3 Nc6 3. Bc4 Nf6 4. d4 exd4 5. O-O Nxe4 6. Re1 d5 7. Bxd5 Qxd5 8. Nc3 Qa5 9. Nxe4 Be6 10. Neg5 O-O-O 11. Nxe6 fxe6 12. Rxe6 Bd6 13. Bg5 Rde8 14. Qe1 Qxe1+ 15. Raxe1 Rxe6 {C56: Zweispringerspiel} 16. Rxe6 Kd7 17. Re4 Re8 18. Rxe8 Kxe8 $11 {[%mdl 4096] Endspiel KLS-KLS} 19. Kf1 {LiveBook: 7 Partien} Kf7 20. Ke2 Ke6 21. a3 ({Vorgänger:} 21. Kd3 Kd5 22. Bd2 b5 23. a3 {0-1 (30) Bondielli,G (1822)-Al Hageri,B (2130) Arco 2014}) 21... Kd5 $146 (21... Kf5) 22. Kd3 b5 23. h3 (23. b4 $11 {hält das Gleichgewicht.}) 23... a5 $1 $17 {[%cal Ba7a5,Ba5a4][%mdl 32]} 24. Bd2 a4 $1 25. g4 g6 26. Ng5 Ne5+ 27. Ke2 h5 28. f4 Nc4 29. Bc1 {[#]} hxg4 $1 30. hxg4 c5 31. Nf7 Ke6 32. Nxd6 (32. Ng5+ $11 Kd5 33. Nf7) 32... Nxd6 $11 {KL-KS} 33. c3 (33. Kf3 $17 {ist eine bessere Verteidigung.}) 33... dxc3 $19 34. bxc3 {[#]} Kd5 $1 35. Kd3 Nc4 36. g5 (36. Kc2 $19) 36... Nd6 {Weiss muss nun ...Sf5 beachten.} 37. Be3 $2 {[%mdl 8192]} (37. Bd2 $15) 37... Nf5 {Schwarz steht klar auf Gewinn.} 38. Bc1 c4+ 39. Ke2 Ke4 40. Bd2 Ne7 41. Bc1 Nd5 42. Bd2 Nxf4+ 43. Kf2 Ne6 44. Bc1 {Precision: Weiß = 25%, Schwarz = 70%.} 0-1

[Event "Botvinnik Cup 2018"]
[Site "Moscow"]
[Date "2018.08.13"]
[Round "6"]
[White "Lomaia, Diana"]
[Black "Kovalev, Vladislav"]
[Result "1/2-1/2"]
[WhiteElo "1851"]
[BlackElo "2667"]
[Annotator "TA"]
[PlyCount "77"]
[EventDate "2018.08.10"]
[EventCountry "RUS"]
[SourceTitle "playchess.com"]
[Source "ChessBase"]
[SourceQuality "1"]

{[%evp 9,77,35,18,0,0,-20,-19,-17,-19,-18,11,1,33,39,39,15,16,-11,0,-76,-79,-102,-56,-60,38,48,31,42,44,39,33,26,39,39,94,32,67,36,90,93,86,82,133,147,145,110,129,100,152,101,104,95,145,104,105,79,74,67,97,75,79,74,75,69,70,39,74,60,57,0]} 1. e4 c5 2. Nf3 Nf6 3. Nc3 d5 4. exd5 Nxd5 5. Nxd5 Qxd5 {LiveBook: 18 Games} 6. Bb5+ {B29: Sicilian: 2 Nf3 Nf6 (Nimzowitsch Variation)} Nc6 7. h3 (7. d3 {keeps more tension.} a6 8. Ba4 b5 9. Bb3 Qh5 10. a4) 7... a6 $146 ({Predecessor:} 7... Bf5 8. d3 O-O-O 9. Be3 e5 10. Qe2 f6 11. Bxc6 Qxc6 12. O-O-O Bd6 13. g4 Be6 14. Kb1 Bd5 15. Nxe5 Bxe5 16. Rhe1 Bf3 {0-1 (16) Tobre,A (1587)-Grandelius,N (2656) Puhajarve 2017}) 8. Bxc6+ {The position is equal.} Qxc6 9. O-O Be6 10. b3 Bd5 11. Ne5 $1 {[%cal Re5c6]} Qc7 12. Bb2 f6 13. Ng4 O-O-O 14. b4 (14. Bc3 $11 {remains equal.}) 14... cxb4 15. c3 e5 16. cxb4 Bxb4 (16... Kb8 $15 17. Bc3 h5) 17. Rc1 $1 $14 {[%cal Rc1c7]} Bc6 {[#]} 18. Nxe5 $1 {[%mdl 512]} fxe5 19. Qg4+ Kb8 20. Qxb4 Rhe8 21. Rfe1 Re6 (21... Rd5 $14) 22. Qc5 (22. f4 $16 {[%cal Rb2e5]} Qd7 23. f5 (23. Bxe5+ Ka8 $11) (23. Rxe5 Rg6 $15)) 22... e4 23. Bd4 {Strongly threatening Qa7+.} Kc8 ({Better is} 23... Rd5 $1 $14 24. Qa7+ Kc8) 24. Qf5 $16 Qd7 {aiming for ...g6.} 25. Be3 $36 {[%mdl 2048] Keeping Black busy.} Rg6 {[#]} (25... h6 $142) 26. Qh5 $1 Rh8 27. Rc5 Re6 28. Rec1 g6 (28... h6 $142 29. R5c3 g5 30. Bxg5 Qe8 31. Qxe8+ Rhxe8) 29. Qg4 (29. Qd1 $142) 29... Rf8 30. R1c3 Kd8 31. Qg3 {Black must now prevent d4.} Ke8 32. Re5 Kf7 33. Rxe6 Qxe6 34. Qc7+ Kg8 35. Bh6 {[%csl Gh6][%cal Rc7g7]} Qf7 36. Qb6 Re8 37. Qd4 Re6 38. Qd8+ Re8 39. Qd4 {Precision: White = 49%, Black = 46%.} (39. Qa5 $1 $14) 1/2-1/2

[Event "Botvinnik Cup 2018"]
[Site "Moscow"]
[Date "2018.08.13"]
[Round "6"]
[White "Zeliantsova, Kseniya"]
[Black "Paichadze, Luka"]
[Result "1-0"]
[WhiteElo "1804"]
[BlackElo "2564"]
[Annotator "TA"]
[PlyCount "63"]
[EventDate "2018.08.10"]
[EventCountry "RUS"]
[SourceTitle "playchess.com"]
[Source "ChessBase"]
[SourceQuality "1"]

{[%evp 9,63,18,16,0,0,-2,0,0,0,0,10,0,0,0,33,34,237,0,12,0,62,63,74,29,48,45,42,27,51,59,64,71,349,354,358,369,527,518,516,512,504,492,829,853,767,766,1198,1191,1134,1175,1137,1093,29990,29991,29991,29992]} 1. e4 c6 2. d4 d5 3. e5 Bf5 4. h4 h5 5. Nf3 (5. Bd3 Bxd3 6. Qxd3 Qa5+ 7. Nd2 e6 8. Ne2 Ne7 9. O-O Nf5 10. Nf3 Qa6 11. Qd1 Be7 12. g3 c5 {½-½ (67) Nakamura,H (2787)-Artemiev,V (2697) Moscow 2018}) 5... e6 6. c3 {B12: Caro-Kann: Advance Variation} c5 7. Bd3 Bxd3 8. Qxd3 {The position is equal.} cxd4 9. cxd4 Nc6 10. Nc3 Nge7 11. Bg5 Qb6 12. O-O Nf5 $2 {[#]} (12... Ng6 $14) 13. Rfd1 $146 (13. Nxd5 $1 $18 {[%mdl 512]} Qa5 (13... exd5 14. Qxf5) 14. Nf4) ({Predecessor:} 13. Nxd5 exd5 14. Qxf5 Nxd4 15. Nxd4 Qxd4 {1-0 (23) Georgakopoulos,N (2047)-Lentzos,I (2038) Achaea 2017}) 13... Nb4 14. Qd2 Be7 (14... Nc6 $11) 15. Bxe7 $14 Nxe7 16. Rac1 {[%cal Ba1c1,Bc1c3,Bc3f3,Bf3f7][%mdl 32]} Nbc6 17. Qg5 g6 18. Na4 $36 {[%mdl 2048] White has the initiative.} Qd8 19. Nc5 Rb8 $1 20. Rc3 O-O $2 {[%mdl 8192] [#]} (20... Nf5 $16) 21. g4 $1 $18 {aiming for Qh6.} hxg4 22. Qxg4 Kg7 (22... Qe8 {might work better.} 23. h5 Kg7) 23. Ng5 Qe8 {Now ...Rh8 and Black clings on.} 24. h5 {[%cal Bh4h5,Bh5g6][%mdl 32]} Rh8 25. Rf3 Nf5 (25... Nd8 $142 26. hxg6 Nxg6) 26. hxg6 Rh4 27. Qg2 Ncxd4 {[#]} 28. Rxd4 $1 {[%mdl 512]} Nxd4 29. Rxf7+ Kg8 30. Nd7 Rf4 31. Nf6+ Rxf6 32. exf6 {Precision: White = 78%, Black = 35%.} 1-0